[Event "18th American Continental"]
[Site "Foz do Iguacu BRA"]
[Date "2025.05.24"]
[Round "3.62"]
[White "Caceres Benitez, Fernando Israel"]
[Black "Piasetski, Leon"]
[Result "1/2-1/2"]
[BlackTitle "IM"]
[WhiteElo "1929"]
[BlackElo "2153"]
[WhiteFideId "3710777"]
[BlackFideId "2600072"]
[EventDate "2025.05.23"]

1. e4 g6 2. d4 Bg7 3. Nc3 d6 4. Be3 a6 5. a4 Nf6 6. Qd2 Nc6 7. f3 h6 8. h4 e5 9.
d5 Ne7 10. g4 h5 11. g5 Nh7 12. Bh3 O-O 13. O-O-O Bxh3 14. Nxh3 Qd7 15. b3 b5
16. Qd3 Rab8 17. axb5 axb5 18. Na2 f6 19. Nb4 fxg5 20. Nxg5 Nxg5 21. Bxg5 Bf6
22. Bh6 Rf7 23. Rdf1 Kh7 24. Qe3 Ra8 25. Kd2 Ng8 26. Bg5 Raf8 27. Ke2 Bxg5 28.
Qxg5 Rf6 29. Rh2 Qg7 30. Rhf2 Nh6 31. Nd3 Qd7 32. Qg3 c6 33. Nb4 c5 34. Nc6 Rf4 1/2-1/2

[Event "18th American Continental"]
[Site "Foz do Iguacu BRA"]
[Date "2025.05.24"]
[Round "3.63"]
[White "Brizzi, Milagros Tatiana"]
[Black "Simao, Diogo Roger De Sousa"]
[Result "1-0"]
[WhiteTitle "WIM"]
[WhiteElo "2152"]
[BlackElo "1934"]
[WhiteFideId "128350"]
[BlackFideId "2117215"]
[EventDate "2025.05.23"]

1. e4 c6 2. d4 d5 3. e5 c5 4. c3 Nc6 5. Be2 Bf5 6. Nf3 e6 7. O-O h5 8. Be3 c4 9.
Bg5 Be7 10. Bxe7 Ngxe7 11. Na3 a6 12. Nc2 g5 13. Ne3 g4 14. Nh4 Bh7 15. b3 cxb3
16. axb3 Ng6 17. Nxg6 Bxg6 18. f3 g3 19. hxg3 Ne7 20. f4 Qb6 21. c4 Nf5 22. Nxf5
Bxf5 23. Bxh5 dxc4 24. bxc4 O-O-O 25. c5 Qb2 26. Bf3 Rxd4 27. Qc1 Qxc1 28. Rfxc1
Bd3 29. Kf2 Rhd8 30. c6 b6 31. c7 Rf8 32. Ke3 Rd7 33. Bc6 Rxc7 34. Kxd3 Rd8+ 35.
Ke3 a5 36. Rab1 Kb8 37. Rxb6+ Ka7 38. Rb5 Rdc8 39. Rxa5+ Kb6 40. Rb5+ 1-0

[Event "18th American Continental"]
[Site "Foz do Iguacu BRA"]
[Date "2025.05.24"]
[Round "3.64"]
[White "Cordero, Daniela"]
[Black "Da Silva Borges, Rodrigo"]
[Result "0-1"]
[WhiteTitle "WIM"]
[WhiteElo "1923"]
[BlackElo "2146"]
[WhiteFideId "3301630"]
[BlackFideId "2115778"]
[EventDate "2025.05.23"]

1. d4 d5 2. Nf3 Nf6 3. c4 e6 4. g3 Be7 5. Bg2 O-O 6. Qc2 c5 7. O-O cxd4 8. Nxd4
Qb6 9. Nf3 Nc6 10. Be3 d4 11. Bf4 Nd7 12. Ng5 Bxg5 13. Bxg5 Nc5 14. Na3 h6 15.
Bd2 Rd8 16. Rad1 e5 17. Qb1 d3 18. exd3 Bg4 19. Be3 Bxd1 20. Rxd1 Nd4 21. Bd5 a5
22. f4 Qf6 23. Rc1 exf4 24. Bxf4 Ne2+ 25. Kg2 Rxd5 26. cxd5 Qd4 27. Qc2 Qxd5+
28. Kh3 Re8 29. Qc4 Ng1+ 30. Kh4 g5+ 31. Kh5 Qf5 0-1

[Event "18th American Continental"]
[Site "Foz do Iguacu BRA"]
[Date "2025.05.24"]
[Round "3.65"]
[White "Silva, Juliana Figueira Theophilo"]
[Black "Bueno, Alfeu Junior Varela"]
[Result "1/2-1/2"]
[WhiteTitle "WFM"]
[BlackTitle "FM"]
[WhiteElo "1919"]
[BlackElo "2142"]
[WhiteFideId "22781684"]
[BlackFideId "2108879"]
[EventDate "2025.05.23"]

1. d4 e6 2. c4 f5 3. g3 Nf6 4. Nf3 b6 5. Bg2 Bb7 6. O-O Be7 7. Nc3 Ne4 8. Qc2
Nxc3 9. Qxc3 Bf6 10. Rd1 O-O 11. Qe1 d6 12. b3 Qe8 13. Ba3 Nd7 14. Rac1 Qe7 15.
b4 Be4 16. Qc3 Kh8 17. Qe3 h6 18. b5 a6 19. Bb4 Rfc8 20. a4 axb5 21. axb5 Ra4
22. Qc3 e5 23. dxe5 Nxe5 24. Qb3 Rca8 25. Nd4 Qf7 26. f3 Bb7 27. Bh3 Qh5 28.
Bxf5 Nxf3+ 29. exf3 Rxb4 30. Qxb4 Bxd4+ 31. Rxd4 Qxf3 32. Qd2 Qh1+ 33. Kf2 Qf3+
34. Kg1 Qh1+ 35. Kf2 Qg2+ 36. Ke1 Re8+ 37. Be4 Rxe4+ 38. Rxe4 Qxe4+ 39. Qe2 Qd4
40. Qf2 Qd3 41. Qe2 Qd4 42. Kf1 Kh7 43. Rd1 Qf6+ 44. Qf2 Qc3 45. Qf5+ Kh8 46.
Qd3 Qb2 47. Qe2 Qb3 48. Qd3 Qb2 49. Qd2 Qb3 50. Qd3 Qb2 51. Qe2 Qb3 52. Kf2 Qc3
53. Re1 Qd4+ 54. Qe3 Qxc4 55. Qe8+ Kh7 56. Qe2 Qd4+ 57. Qe3 Qf6+ 58. Kg1 Qb2 59.
Qd3+ Kg8 60. Qc4+ Kh7 61. Qd3+ Kg8 62. Qc4+ Kh7 63. Qd3+ Kg8 64. Qc4+ 1/2-1/2

[Event "18th American Continental"]
[Site "Foz do Iguacu BRA"]
[Date "2025.05.24"]
[Round "3.66"]
[White "Borges, Guilherme Deola"]
[Black "Silva, Adriano Da"]
[Result "1-0"]
[WhiteElo "2141"]
[BlackElo "1924"]
[WhiteFideId "2109085"]
[BlackFideId "2128675"]
[EventDate "2025.05.23"]

1. e4 c5 2. Nf3 Nc6 3. d4 cxd4 4. Nxd4 e6 5. Nc3 Qc7 6. Ndb5 Qb8 7. Be3 a6 8.
Bb6 axb5 9. Nxb5 Bb4+ 10. c3 Ba5 11. Nc7+ Qxc7 12. Bxc7 Bxc7 13. Qg4 Kf8 14. Bb5
Nf6 15. Qe2 g6 16. O-O Kg7 17. a4 d5 18. exd5 exd5 19. f3 h5 20. b4 h4 21. a5
Bb8 22. Rfd1 Ba7+ 23. Kf1 Bf5 24. a6 Rae8 25. Qxe8 Nxe8 26. axb7 Nc7 27. Bxc6
Bb6 28. Ra8 1-0

[Event "18th American Continental"]
[Site "Foz do Iguacu BRA"]
[Date "2025.05.24"]
[Round "3.67"]
[White "Bulhoes, Benicio Rocha"]
[Black "Carrasco Jacome, Bryan"]
[Result "0-1"]
[WhiteElo "1918"]
[BlackElo "2141"]
[WhiteFideId "44704879"]
[BlackFideId "3618986"]
[EventDate "2025.05.23"]

1. c4 c5 2. Nc3 Nc6 3. g3 g6 4. Bg2 Bg7 5. e3 e5 6. Nge2 Nge7 7. O-O d6 8. d3
O-O 9. b3 Rb8 10. Bb2 a6 11. Nd5 b5 12. Qd2 Bg4 13. Nec3 Qd7 14. Rfe1 Rfe8 15.
Ne4 Nxd5 16. cxd5 Ne7 17. d4 f5 18. Ng5 cxd4 19. exd4 e4 20. h3 Bh5 21. Ne6 Nxd5
22. Nxg7 Qxg7 23. Rac1 Qd7 24. Qg5 Bf3 25. Bxf3 exf3 26. h4 Rxe1+ 27. Rxe1 Re8
28. Rxe8+ Qxe8 29. Qd2 Qe2 30. Bc3 Qxd2 31. Bxd2 Kf7 32. Kf1 Ke6 33. Ke1 Nf6 34.
Be3 Kd5 35. Kd2 Ke4 36. Bf4 Ng4 37. Bxd6 Nxf2 38. Bc5 Nh1 39. Bd6 Kxd4 40. a4
Nf2 41. axb5 Ne4+ 42. Ke1 Nxd6 43. bxa6 Nb5 44. Kf2 Ke4 45. b4 h6 46. Kf1 Ke3
47. Ke1 f2+ 48. Kf1 Na7 0-1

[Event "18th American Continental"]
[Site "Foz do Iguacu BRA"]
[Date "2025.05.24"]
[Round "3.68"]
[White "Pessoa, Marcio de Souza"]
[Black "Librelato, Kathie Goulart"]
[Result "0-1"]
[BlackTitle "WIM"]
[WhiteElo "1912"]
[BlackElo "2138"]
[WhiteFideId "2127180"]
[BlackFideId "2153963"]
[EventDate "2025.05.23"]

1. d4 d5 2. Bf4 c5 3. e3 Nc6 4. c3 Nf6 5. Nf3 Qb6 6. Qb3 c4 7. Qc2 Bf5 8. Qc1
Nh5 9. Bg5 h6 10. Bh4 g6 11. Be2 Bg7 12. Nfd2 g5 13. Bxh5 gxh4 14. Bf3 O-O-O 15.
b3 e5 16. bxc4 exd4 17. cxd4 Nxd4 18. exd4 Rhe8+ 19. Kd1 Qxd4 20. cxd5+ Kb8 21.
Qc3 Rc8 22. Qxd4 Bc2+ 23. Kc1 Bxd4 24. Na3 Bd3+ 25. Kd1 Bxa1 26. Nb3 Bb2 27. Kd2
Bg6 28. Nb5 Rc2+ 29. Kd1 Rxf2 30. N5d4 Bxd4 31. Nxd4 Rxa2 32. g4 Re3 0-1

[Event "18th American Continental"]
[Site "Foz do Iguacu BRA"]
[Date "2025.05.24"]
[Round "3.69"]
[White "Dauer, Andre Leonardo"]
[Black "Oviedo Acosta, Paula"]
[Result "1-0"]
[WhiteTitle "CM"]
[BlackTitle "WFM"]
[WhiteElo "2138"]
[BlackElo "1920"]
[WhiteFideId "2126915"]
[BlackFideId "3704394"]
[EventDate "2025.05.23"]

1. e4 c5 2. Nf3 a6 3. g3 Nc6 4. Bg2 e5 5. O-O Nf6 6. d3 Be7 7. c3 b5 8. d4 d6 9.
Nbd2 Rb8 10. d5 Na7 11. Re1 O-O 12. Nf1 a5 13. h3 Ba6 14. g4 Ne8 15. Ng3 b4 16.
Nf5 Nb5 17. c4 Nd4 18. N3xd4 cxd4 19. b3 Bg5 20. f4 Be7 21. fxe5 dxe5 22. Nxe7+
Qxe7 23. a3 Rb6 24. axb4 axb4 25. Ra5 Rg6 26. Bd2 Bc8 27. Kh2 Qh4 28. Bxb4 Bxg4
29. Qd3 Bc8 30. Rf1 Nf6 31. Rxf6 Qxf6 32. Bxf8 Qf4+ 33. Kh1 Qg5 34. Qf1 Kxf8 35.
Ra8 Qd8 36. c5 Qe8 37. Bf3 Rf6 38. Qe2 g6 39. Bg4 Kg7 40. Rxc8 Qe7 41. d6 Rxd6
42. cxd6 Qxd6 43. Qc4 h5 44. Rc6 Qd8 45. Bf3 Qh4 46. Qf1 Qd8 47. Be2 Qh4 48. Qf3 1-0

[Event "18th American Continental"]
[Site "Foz do Iguacu BRA"]
[Date "2025.05.24"]
[Round "3.70"]
[White "Souza, Rafael Cabral De"]
[Black "Morales Flores, Monserrat"]
[Result "1-0"]
[BlackTitle "WCM"]
[WhiteElo "2122"]
[BlackElo "1919"]
[WhiteFideId "2124068"]
[BlackFideId "3412016"]
[EventDate "2025.05.23"]

1. Nf3 Nf6 2. c4 g6 3. g3 Bg7 4. Bg2 O-O 5. Nc3 d6 6. d3 e5 7. b4 Re8 8. O-O c6
9. Rb1 Nbd7 10. Ne1 Nf8 11. b5 Bd7 12. Nc2 cxb5 13. Nxb5 Bc6 14. Ba3 Bxg2 15.
Kxg2 Re6 16. e4 a6 17. Nc3 b5 18. cxb5 d5 19. bxa6 Rexa6 20. Rb3 Ne6 21. Bb2 d4
22. Nb5 Nc5 23. Rb4 Bf8 24. Rc4 Rb8 25. Nca3 Ne6 26. Qc1 Nh5 27. Rc6 Rxc6 28.
Qxc6 Qg5 29. Bc1 Qd8 30. Nc4 Rc8 31. Qd5 Rc5 32. Qxd8 Nxd8 33. a4 f6 34. Ba3 Rc8
35. Bxf8 Kxf8 36. a5 Nc6 37. a6 Na5 38. Nb6 1-0

[Event "18th American Continental"]
[Site "Foz do Iguacu BRA"]
[Date "2025.05.24"]
[Round "3.71"]
[White "Mayeregger Gonzalez, Renata Valentina"]
[Black "Heredia Serrano, Carla"]
[Result "0-1"]
[WhiteTitle "WCM"]
[BlackTitle "WGM"]
[WhiteElo "1905"]
[BlackElo "2114"]
[WhiteFideId "3708900"]
[BlackFideId "3603687"]
[EventDate "2025.05.23"]

1. e4 c6 2. c4 d5 3. cxd5 cxd5 4. exd5 Nf6 5. Nc3 Nxd5 6. Nf3 Nc6 7. d4 Bg4 8.
Bc4 Bxf3 9. Qxf3 e6 10. Nxd5 exd5 11. Bxd5 Bb4+ 12. Kd1 O-O 13. Be3 Qb6 14. Bxc6
bxc6 15. Rc1 Qa6 16. Rxc6 Qxa2 17. Qe2 Rac8 18. Rxc8 Rxc8 19. Qg4 f5 20. Qxf5
Qb3+ 21. Ke2 Qxb2+ 22. Kf1 Qa1+ 23. Ke2 Qa2+ 24. Kd1 Qa4+ 25. Ke2 Qa6+ 26. Kd1
Rf8 27. Qc2 Rc8 28. Qb3+ Kh8 29. Qxb4 Qa1+ 30. Ke2 Qxh1 31. Qb7 Re8 32. Qd7 Rg8
33. Qxa7 Qxg2 34. Qc7 Qg4+ 35. Kd2 Ra8 36. Qc6 Rc8 37. Qa4 h6 38. Qa1 Qe4 39.
Qb2 Qh1 40. Bf4 Rf8 41. Bg3 Qe4 42. Qc3 Rd8 43. f3 Rxd4+ 44. Kc1 Qd5 45. Qc8+
Kh7 46. Qa6 Rc4+ 47. Kb2 Qd2+ 48. Ka3 Qd3+ 0-1

[Event "18th American Continental"]
[Site "Foz do Iguacu BRA"]
[Date "2025.05.24"]
[Round "3.72"]
[White "Prado Oliveira, Fellipe"]
[Black "Gauche, Charles"]
[Result "1/2-1/2"]
[BlackTitle "FM"]
[WhiteElo "1863"]
[BlackElo "2112"]
[WhiteFideId "2114895"]
[BlackFideId "2101335"]
[EventDate "2025.05.23"]

1. Nf3 d5 2. g3 c5 3. Bg2 Nc6 4. d4 e6 5. O-O Nf6 6. c4 cxd4 7. Nxd4 Bc5 8. Nb3
Be7 9. cxd5 exd5 10. Nc3 Be6 11. a3 O-O 12. Nd4 Qd7 13. Nxe6 fxe6 14. b4 Ne5 15.
f4 Nc4 16. f5 Rfd8 17. fxe6 Qxe6 18. Qd4 Nb6 19. Bf4 Bd6 20. Nb5 Bxf4 21. Qxf4
Qd7 22. Nd4 Qg4 23. Qxg4 Nxg4 24. Bh3 Nf6 25. Rac1 Nc4 26. a4 Kh8 27. Ne6 Rd6
28. Rfd1 Rd7 29. a5 Re7 30. e4 Nxe4 31. Rxd5 Nf6 32. Rd4 Ne5 33. Kg2 Nc6 34.
Rdc4 a6 35. Nd4 Nxd4 36. Rxd4 Rae8 37. Rc8 g5 38. Rxe8+ Rxe8 39. Rc4 Re2+ 40.
Kg1 Re7 41. Bg2 Kg7 42. Rc5 h6 43. b5 Ng4 44. b6 Re1+ 45. Bf1 Nxh2 46. Rc7+ Kg6
47. Kxh2 Rxf1 48. Rxb7 Ra1 49. Rb8 Rb1 50. Ra8 Kh5 51. Rxa6 Kg4 52. Ra8 Rb2+ 53.
Kg1 Kxg3 54. Rf8 h5 55. Kf1 Rb1+ 56. Ke2 h4 57. a6 Rxb6 58. a7 Rb2+ 59. Ke1 Rb1+
60. Ke2 Rb2+ 61. Ke3 Ra2 62. a8=Q Rxa8 63. Rxa8 h3 64. Ke2 h2 65. Rh8 Kg2 66.
Rg8 h1=Q 67. Rxg5+ Kh3 1/2-1/2

[Event "18th American Continental"]
[Site "Foz do Iguacu BRA"]
[Date "2025.05.24"]
[Round "3.73"]
[White "Becker, Rogerio Sperb"]
[Black "Pereira Vera, Henry Alberto"]
[Result "1/2-1/2"]
[WhiteElo "2111"]
[BlackElo "1913"]
[WhiteFideId "22767797"]
[BlackFideId "4433270"]
[EventDate "2025.05.23"]

1. c4 e5 2. g3 Nf6 3. Bg2 d5 4. cxd5 Nxd5 5. Nf3 Nc6 6. O-O Be7 7. Nc3 Be6 8. d4
Nxc3 9. bxc3 exd4 10. cxd4 Nb8 11. Qa4+ c6 12. e4 O-O 13. d5 cxd5 14. exd5 Bf5
15. Bf4 Bd6 16. h4 Qd7 17. Rfe1 Rc8 18. Qb3 Re8 19. a4 b6 20. Rad1 Rxe1+ 21.
Rxe1 1/2-1/2

[Event "18th American Continental"]
[Site "Foz do Iguacu BRA"]
[Date "2025.05.24"]
[Round "3.74"]
[White "Montevilla C., Elias Alejandro"]
[Black "Giron Chavez, David Emanuel"]
[Result "0-1"]
[BlackTitle "FM"]
[WhiteElo "1769"]
[BlackElo "2108"]
[WhiteFideId "3322211"]
[BlackFideId "7300697"]
[EventDate "2025.05.23"]

1. d4 c5 2. d5 Nf6 3. c4 d6 4. Nc3 g6 5. e4 Bg7 6. Bd3 O-O 7. Nf3 e6 8. O-O exd5
9. cxd5 Re8 10. Nd2 Na6 11. Nc4 Bf8 12. Re1 Nc7 13. a4 b6 14. Qf3 Nfxd5 15. Nxd5
Nxd5 16. Bd2 Nc7 17. Rad1 Be6 18. Bf4 Qd7 19. Qg3 Bxc4 20. Bxc4 Qxa4 21. b3 Qa3
22. Bxd6 Ne6 23. Bxf8 Nxf8 24. Qc7 Ne6 25. Qc6 Rac8 26. Qb7 Rc7 27. Qd5 Qb2 28.
e5 Rd8 29. Qf3 Rxd1 30. Qxd1 Qd4 31. Qf3 Qf4 32. Qa8+ Kg7 33. Qe8 Qd2 34. Re3
Qd1+ 35. Bf1 Qd7 36. Qb8 Rc8 37. Rd3 Nd4 38. Qd6 Qxd6 39. exd6 Rd8 40. b4 Rxd6
41. bxc5 bxc5 42. Ra3 Rd7 43. Bc4 Re7 44. f3 f5 45. Kf1 Nc2 46. Rc3 Ne3+ 47. Kg1
Nxc4 48. Rxc4 Rc7 49. Kf2 Kf6 50. Ke3 Ke5 51. Kd3 Kd5 52. h4 Kc6 53. h5 Rd7+ 54.
Kc2 Kb5 55. Rh4 g5 56. Rh1 Re7 57. Kd2 Kc4 58. Ra1 Kd4 59. Ra6 Rc7 60. h6 c4 61.
Rf6 c3+ 62. Kc2 Ke5 63. Rf8 f4 64. Rg8 Kf6 65. Rd8 Rc6 66. Rg8 Rc7 67. Rd8 Kg6
68. Rd6+ Kh5 69. Rf6 a5 70. Ra6 a4 71. Rxa4 Kxh6 72. Ra6+ Kh5 73. Rf6 Kh4 74.
Rf5 h6 75. Rf6 Kg3 76. Rxh6 Kxg2 77. Rg6 Rc5 0-1

[Event "18th American Continental"]
[Site "Foz do Iguacu BRA"]
[Date "2025.05.24"]
[Round "3.75"]
[White "Fiaes, Mario Henrique Andrade"]
[Black "Barrera Caicedo, Hubert"]
[Result "0-1"]
[WhiteElo "2106"]
[BlackElo "1910"]
[WhiteFideId "2108690"]
[BlackFideId "3908062"]
[EventDate "2025.05.23"]

1. d4 Nf6 2. Nf3 g6 3. g3 Bg7 4. Bg2 O-O 5. O-O d6 6. c4 c5 7. d5 Na6 8. Nc3 Nc7
9. e4 a6 10. a4 Rb8 11. a5 b5 12. axb6 Rxb6 13. e5 Ng4 14. exd6 exd6 15. Bg5 Qd7
16. Re1 f6 17. Bc1 Ne5 18. Nxe5 fxe5 19. Ne4 Ne8 20. Ra3 Nf6 21. Ng5 Qg4 22. Qc2
Qf5 23. Qe2 e4 24. Bh3 Ng4 25. Bxg4 Qxg4 26. Qxg4 Bxg4 27. Rxe4 Bf5 28. Re2 h6
29. Ne6 Re8 30. Kf1 Bf6 31. f3 Kf7 32. Rae3 Reb8 33. g4 Bb1 34. Ra3 Rb3 35. Re3
Rxa3 36. Rxa3 Bxb2 37. Bxb2 Rxb2 38. g5 hxg5 39. Nxg5+ Kf6 40. Nh3 Ba2 41. Rc3
Rb4 42. Nf2 Bxc4+ 43. Kg1 Bxd5 44. Ng4+ Kg5 45. h3 Rb3 46. Rxb3 Bxb3 47. Kf2 Be6
48. Ne3 a5 49. Kg3 a4 50. h4+ Kh5 51. Ng2 a3 52. Nf4+ Kh6 53. Nxe6 a2 54. Ng5
a1=Q 55. Ne4 d5 56. Ng5 c4 57. Kg2 c3 58. Kg3 c2 59. Kg2 c1=Q 60. Nh3 Qab2+ 61.
Kg3 Qe1+ 62. Kg4 Qg2+ 63. Kf4 Qgg3# 0-1

[Event "18th American Continental"]
[Site "Foz do Iguacu BRA"]
[Date "2025.05.24"]
[Round "3.80"]
[White "Eger, Laura Luisa"]
[Black "Molina Sumoza, Jesus Alberto"]
[Result "0-1"]
[BlackTitle "CM"]
[WhiteElo "1896"]
[BlackElo "2025"]
[WhiteFideId "22704825"]
[BlackFideId "3901874"]
[EventDate "2025.05.23"]

1. e4 c5 2. Nf3 e6 3. d4 cxd4 4. Nxd4 a6 5. Bd3 Bc5 6. Nb3 Ba7 7. Qe2 Nc6 8. Be3
d6 9. O-O Nf6 10. c4 e5 11. Nc3 O-O 12. Rad1 Nd4 13. Bxd4 exd4 14. Nd5 Nxd5 15.
exd5 Qf6 16. Bc2 g6 17. Rfe1 d3 18. Rxd3 Bg4 19. Qd2 Rfe8 20. c5 dxc5 21. Rxe8+
Rxe8 22. Re3 Rd8 23. Rg3 Be6 24. Qg5 Qxg5 25. Rxg5 Bxd5 26. h4 c4 27. Nc1 Be6
28. Kh2 Rd2 29. Be4 Rxb2 30. h5 Kg7 31. hxg6 hxg6 32. f4 Be3 0-1

[Event "18th American Continental"]
[Site "Foz do Iguacu BRA"]
[Date "2025.05.24"]
[Round "3.81"]
[White "De Fassio, Davi Dos Santos"]
[Black "Montevilla Cahuasa, Jonathan I."]
[Result "0-1"]
[BlackTitle "CM"]
[WhiteElo "1796"]
[BlackElo "2022"]
[WhiteFideId "44705395"]
[BlackFideId "3322220"]
[EventDate "2025.05.23"]

1. e4 c5 2. Nf3 Nc6 3. Bb5 g6 4. Bxc6 bxc6 5. d4 Bg7 6. c3 Ba6 7. Bf4 Nf6 8. Qc2
Qa5 9. Be3 Ng4 10. h3 Nxe3 11. fxe3 O-O 12. Nbd2 cxd4 13. exd4 d6 14. Nb3 Qa4
15. h4 h5 16. Rg1 Bc8 17. Kd1 Bg4 18. Nd2 Qb5 19. a4 Qb7 20. Nc4 c5 21. d5 Bh6
22. Qd3 Qb3+ 23. Ke2 e6 24. Ra3 Qb8 25. Kf2 exd5 26. exd5 Qd8 27. g3 Re8 28. Re1
Qf6 29. Raa1 Bf5 30. Qf1 Be4 31. Kg2 Bxd5 32. Rad1 Rxe1 33. Rxe1 Rb8 34. Rb1 Qe6
35. b3 Bxc4 36. bxc4 Rxb1 37. Qxb1 Qe2+ 38. Kh3 Qxf3 39. Qb8+ Kg7 40. Qxd6 Qh1# 0-1

[Event "18th American Continental"]
[Site "Foz do Iguacu BRA"]
[Date "2025.05.24"]
[Round "3.82"]
[White "Bosco, Giuliana"]
[Black "Pereira, Wilson Roberto de M."]
[Result "1-0"]
[WhiteTitle "WCM"]
[WhiteElo "1998"]
[BlackElo "1869"]
[WhiteFideId "142611"]
[BlackFideId "2124653"]
[EventDate "2025.05.23"]

1. e4 e5 2. Nf3 Nf6 3. Nxe5 d6 4. Nf3 Nxe4 5. Nc3 Nxc3 6. dxc3 Be7 7. Bf4 Nc6 8.
Qd2 Bg4 9. Be2 Qd7 10. O-O-O O-O-O 11. h3 Bh5 12. Qd5 Bxf3 13. Bxf3 Bf6 14. Bg4 1-0

[Event "18th American Continental"]
[Site "Foz do Iguacu BRA"]
[Date "2025.05.24"]
[Round "3.83"]
[White "Cezar, Ricardo De Almeida"]
[Black "Deretti, Lucas Jurk"]
[Result "1/2-1/2"]
[WhiteElo "1962"]
[BlackElo "1862"]
[WhiteFideId "2172968"]
[BlackFideId "22779825"]
[EventDate "2025.05.23"]

1. d4 Nf6 2. c4 g6 3. Nc3 Bg7 4. e4 d6 5. Nf3 O-O 6. Be2 e5 7. O-O Bg4 8. Be3
Bxf3 9. Bxf3 exd4 10. Bxd4 Nc6 11. Be3 Nd7 12. Be2 Re8 13. f3 Bxc3 14. bxc3 Qf6
15. Qd2 Nc5 16. h4 Qxh4 17. Bg5 Qg3 18. Bf4 Qh4 19. Bg5 Qg3 20. Bf4 Qh4 21. Bg5 1/2-1/2

[Event "18th American Continental"]
[Site "Foz do Iguacu BRA"]
[Date "2025.05.24"]
[Round "3.84"]
[White "Andrade, Roberto Luiz Costa"]
[Black "Navarro Canete, Facundo Javier"]
[Result "1/2-1/2"]
[WhiteTitle "FM"]
[WhiteElo "1959"]
[BlackElo "1811"]
[WhiteFideId "2101521"]
[BlackFideId "3712532"]
[EventDate "2025.05.23"]

1. e4 c5 2. Nf3 Nc6 3. d4 cxd4 4. Nxd4 g6 5. c4 Bg7 6. Be3 Qb6 7. Nb3 Qd8 8. Nc3
Bxc3+ 9. bxc3 Nf6 10. Bd3 d6 11. f4 Ng4 12. Bg1 f5 13. h3 Nf6 14. exf5 Bxf5 15.
Be3 Qd7 16. O-O O-O-O 17. Nd4 Bxd3 18. Qxd3 d5 19. Rab1 dxc4 20. Qxc4 Nd5 21.
Bd2 Nb6 22. Qb5 Nxd4 23. Qxd7+ Rxd7 24. cxd4 Rhd8 25. Ba5 Rxd4 26. Rxb6 axb6 27.
Bxb6 Rd2 28. Bxd8 Kxd8 29. Rf2 Rd5 30. g4 Ke8 31. Kg2 Kf7 32. Kg3 Kf6 33. Rf3 h5
34. Rb3 hxg4 35. hxg4 Ra5 36. a3 Ra4 37. Kf3 Ra5 38. Rb6+ Kf7 39. Rb3 Kf6 40.
Kg3 Ra4 41. Kf3 1/2-1/2

[Event "18th American Continental"]
[Site "Foz do Iguacu BRA"]
[Date "2025.05.24"]
[Round "3.85"]
[White "Gonzalez, Augusto"]
[Black "Zottis, Pietro"]
[Result "1-0"]
[WhiteElo "1937"]
[BlackElo "1757"]
[WhiteFideId "3702529"]
[BlackFideId "22746838"]
[EventDate "2025.05.23"]

1. d4 d5 2. c4 e6 3. Nc3 Be7 4. Nf3 Nf6 5. cxd5 exd5 6. Bg5 h6 7. Bh4 O-O 8. e3
b6 9. Bd3 Be6 10. O-O Nbd7 11. h3 c5 12. Ne5 Nxe5 13. dxe5 Ne8 14. Bxe7 Qxe7 15.
f4 f5 16. Bc2 Nc7 17. Bb3 Rad8 18. Ne2 Kh8 19. Kh2 Rg8 20. Rg1 g5 21. g3 d4 22.
exd4 gxf4 23. gxf4 c4 24. Bc2 Rxg1 25. Qxg1 Rg8 26. Qf2 Nd5 27. Rg1 Rxg1 28.
Qxg1 Kh7 29. a3 b5 30. Qf2 b4 31. axb4 Nxb4 32. Bb1 Nd5 33. Nc3 Nb4 34. d5 Nxd5
35. Nxd5 Bxd5 36. Bxf5+ Kh8 37. Qd4 1-0

[Event "18th American Continental"]
[Site "Foz do Iguacu BRA"]
[Date "2025.05.24"]
[Round "3.86"]
[White "Izquierdo, Daniel"]
[Black "Gomes, Marco Tulio Caldeira"]
[Result "1-0"]
[WhiteTitle "FM"]
[WhiteElo "2053"]
[BlackElo "1752"]
[WhiteFideId "3000044"]
[BlackFideId "2115271"]
[EventDate "2025.05.23"]

1. c4 e5 2. Nc3 Nf6 3. g3 d5 4. cxd5 Nxd5 5. Bg2 Nb6 6. Nf3 Nc6 7. O-O Be7 8. d3
O-O 9. Be3 Be6 10. Qd2 f6 11. Rfc1 Qd7 12. Ne4 Nd4 13. Bxd4 exd4 14. Nc5 Bxc5
15. Rxc5 c6 16. a4 Rad8 17. a5 Nc8 18. Ra4 Qe7 19. Qc2 b6 20. axb6 axb6 21. Rxc6
Bd7 22. Nxd4 Bxc6 23. Nxc6 Qc7 24. Qc4+ Kh8 25. Nxd8 Qxd8 26. Ra8 Qd7 27. Qc6
Qg4 28. Bf3 Qg5 29. g4 Qc5 30. Qxc5 bxc5 31. Bb7 1-0

[Event "18th American Continental"]
[Site "Foz do Iguacu BRA"]
[Date "2025.05.24"]
[Round "3.87"]
[White "Vieira, Erico Vinicius Duarte"]
[Black "Ferreira, Henrique Camara"]
[Result "0-1"]
[WhiteElo "1753"]
[BlackElo "2188"]
[WhiteFideId "2181843"]
[BlackFideId "2108011"]
[EventDate "2025.05.23"]

1. d4 d5 2. c4 e6 3. Nc3 f5 4. cxd5 exd5 5. Nf3 Nf6 6. Bg5 c6 7. e3 Be7 8. Bd3
Ne4 9. Bxe7 Qxe7 10. Qc2 O-O 11. O-O Nd7 12. Rfe1 Kh8 13. Rab1 g5 14. Nd2 g4 15.
Ne2 Qh4 16. g3 Qh6 17. Nf4 Ndf6 18. Bf1 Ng5 19. Bg2 Bd7 20. b4 Nfe4 21. f3 Nxd2
22. Qxd2 gxf3 23. Bh1 Ne4 0-1